000 00473pab a2200181 454500
008 180718b2008 xxu||||| |||| 00| 0 eng d
100 _aSharma, Jitendra
245 _aA research into the functioning of the regulatory bodies in the higher education
260 _c2008
300 _ap.128-31.
362 _a4 Feb
650 _aHigher education
650 _aResearch
650 _aEducational research
773 _aUniversity News
908 _aN
909 _a77177
999 _c77177
_d77177